|
|
|
|
| LEADER |
00638nam a2200193 a 4500 |
| 005 |
20151026132453.0 |
| 008 |
960221s1955 dcuabcdjdbkoqu001 0deng d |
| 003 |
ViArRB |
| 080 |
|
|
|a 659.113.25(540)
|b AGR
|
| 100 |
|
|
|a Agrawal, Meenu
|9 15988
|
| 245 |
|
|
|a Consumer behaviour and rural marketing in India
|
| 300 |
|
|
|a xvi, 200p
|
| 653 |
|
|
|a Consumer behaviour
|a marketing - India
|
| 942 |
|
|
|c BK
|6 _
|
| 260 |
|
|
|a New Delhi
|b New Century
|c 2009
|9 14233
|
| 500 |
|
|
|a
|
| 020 |
|
|
|a 9788177082159
|
| 999 |
|
|
|c 49483
|d 49483
|
| 952 |
|
|
|0 0
|1 0
|2 udc
|4 0
|6 65911325540_AGR
|7 0
|9 62268
|a UL
|b UL
|c GEN
|d 2010-06-16
|o 659.113.25(540) AGR
|p 00064294
|r 2010-06-16
|w 2010-06-16
|y BK
|